Statistics for Formula 1: Drivers with Most Points in One Season 1950-1959

Click here to take the quiz!

General Stats

  • This quiz has been taken 111 times
  • The average score is 25 of 30

Answer Stats

PointsDriverYear% Correct
42Juan Manuel Fangio1954
99%
28Juan Manuel Fangio1953
99%
40Juan Manuel Fangio1957
99%
40Juan Manuel Fangio1955
99%
31Juan Manuel Fangio1951
99%
30Juan Manuel Fangio1956
99%
27Juan Manuel Fangio1950
99%
36Alberto Ascari1952
98%
34.5Alberto Ascari1953
98%
25Alberto Ascari1951
98%
24Nino Farina1952
93%
26Nino Farina1953
93%
30Nino Farina1950
93%
42Mike Hawthorn1958
92%
24 9/14Mike Hawthorn1954
92%
25.5Stirling Moss1959
91%
25Stirling Moss1957
91%
27Stirling Moss1956
91%
41Stirling Moss1958
91%
23Stirling Moss1955
91%
31Jack Brabham1959
82%
20Phil Hill1959
74%
25 1/7José Froilán González1954
58%
24José Froilán González1951
58%
24Luigi Fagioli1950
57%
25Peter Collins1956
57%
27Tony Brooks1959
57%
24Tony Brooks1958
57%
22Piero Taruffi1952
39%
22Jean Behra1956
27%

Score Distribution

Percentile by Number Answered

Percent of People with Each Score

Your Score History

You have not taken this quiz